| 000 | 00639nam a2200217Ia 4500 | ||
|---|---|---|---|
| 001 | b4420-28214 [5632] | ||
| 003 | IT-MiCISF | ||
| 005 | 20260119142925.0 | ||
| 008 | 161014s9999||||xx |||||||||||||| ||und|| | ||
| 040 |
_aIT-MiCISF _cIT-MiCISF |
||
| 041 | _ait | ||
| 100 |
_aCollicelli Carla _962682 |
||
| 245 | 0 |
_aBenessere e tutela. _bVincoli economici, derive culturali e nodi politici |
|
| 260 |
_a Milano, _bFranco Angeli, _c1998 |
||
| 300 | _app. 150 | ||
| 500 | _a / società , welfare, assistenza-sociale, stratificazione-sociale, pensionamento / | ||
| 650 | _aSocietà | ||
| 654 | _asaggio | ||
| 942 |
_cBK _2ddc |
||
| 999 |
_c212846 _d212846 |
||
| 999 | _bsi | ||